00647nam a2200205 a 450000100060000000300080000600500170001400800410003103500190007204000320009104100080012308200220013110000370015324500840019025000120027426000450028630000340033150400510036565000250041673735BD-RjUL20211209082435.0170608r19491931enkacd b 001 0 eng d a(BD-RjUL)73953 aEUWcEUWdEQOdBD-RjULbeng aeng 223a546bHOI 19491 aHolmyard, Eric John,d1891-1959.10aInorganic chemistry :ba textbook for colleges and schools /cby E.J. Holmyard. a2nd ed. aLondon :bArnold,c1931 [reprinted 1949] axii, 575 p. :bill. ;c19 cm. aIncludes bibliographical references and index. aChemistry, Inorganic